Normal view
MARC view
- BIOGRAPHY-QUAID AZAM PAKISTAN-BIRTH STORY
Entry Topical Term
001 - CONTROL NUMBER
- control field: 77098
003 - CONTROL NUMBER IDENTIFIER
- control field: NUST
005 - DATE AND TIME OF LATEST TRANSACTION
- control field: 20210628205816.0
008 - FIXED-LENGTH DATA ELEMENTS
- fixed length control field: 210628|| aca||aabn | a|a d
040 ## - CATALOGING SOURCE
- Original cataloging agency: NUST
- Transcribing agency: NUST
150 ## - HEADING--TOPICAL TERM
- Topical term or geographic name entry element: BIOGRAPHY-QUAID AZAM PAKISTAN-BIRTH STORY
670 ## - SOURCE DATA FOUND
- Source citation: Work cat.: (NUST): Allana, G 3790, Quaid-e-azam jinnah the story of a nation, 1988
